ბათუმის შოთა რუსთაველის სახელმწიფო უნივერსიტეტის ბიბლიოთეკა

ენა და კულტურა № 5. 2011 (ბიბ.ჩანაწერი № 47229)

000 -LEADER
fixed length control field 00596nam a2200193Ia 4500
001 - CONTROL NUMBER
control field 14089
003 - CONTROL NUMBER IDENTIFIER
control field GE_BSU
008 - FIXED-LENGTH DATA ELEMENTS--GENERAL INFORMATION
fixed length control field 181216s||||||||xx |||||||||||||| ||und||
040 ## - CATALOGING SOURCE
Transcribing agency GE_BSU
080 ## - UNIVERSAL DECIMAL CLASSIFICATION NUMBER
Universal Decimal Classification number 81+001
245 ## - TITLE STATEMENT
Title ენა და კულტურა № 5. 2011
245 ## - TITLE STATEMENT
Remainder of title სამეცნიერო რეფერირებადი ჟურნალი
245 ## - TITLE STATEMENT
Statement of responsibility, etc. მთ.რედ. მანანა მიქაძე
260 ## - PUBLICATION, DISTRIBUTION, ETC.
Place of publication, distribution, etc. ქუთაისი
260 ## - PUBLICATION, DISTRIBUTION, ETC.
Date of publication, distribution, etc. 2011
300 ## - PHYSICAL DESCRIPTION
Extent 332გვ.
653 ## - INDEX TERM--UNCONTROLLED
Uncontrolled term ენა და კულტურა
942 ## - ADDED ENTRY ELEMENTS (KOHA)
Koha item type პერიოდიკა
ეგზემპლარები
Withdrawn status Lost status Damaged status Not for loan Date acquired Barcode Date last seen Price effective from Koha item type
        2018-12-17 p2036 2018-12-17 2018-12-17 პერიოდიკა